<Les> Caractéristiques fondamentales des régions de Slovaquie

Enregistré dans:
Détails bibliographiques
Auteur principal: Kita, Jaroslav
Format: Chapitre de livre
Langue:français
polonais
Tags: Ajouter un tag
Pas de tags, Soyez le premier à ajouter un tag!

MARC

LEADER 00000naa a2200000 4500
001 0147580
005 20240502083340.9
041 0 |a fre 
041 0 |a pol 
044 |a FR 
245 1 0 |a <Les> Caractéristiques fondamentales des régions de Slovaquie  |c Jaroslav Kita 
100 1 |a Kita, Jaroslav